विद्यालय प्रार्थना सभा / (Record no. 112156)

MARC details
000 -LEADER
fixed length control field 01114nam a22002777a 4500
003 - CONTROL NUMBER IDENTIFIER
control field dpl
005 - DATE AND TIME OF LATEST TRANSACTION
control field 20191228114449.0
008 - FIXED-LENGTH DATA ELEMENTS--GENERAL INFORMATION
fixed length control field 191228b ||||| |||| 00| 0 eng d
010 ## - LIBRARY OF CONGRESS CONTROL NUMBER
LC control number B-257927
020 ## - INTERNATIONAL STANDARD BOOK NUMBER
Terms of availability 130.00
International Standard Book Number 8189679007
035 ## - SYSTEM CONTROL NUMBER
System control number B-257927, B-257952
037 ## - SOURCE OF ACQUISITION
Source of stock number/acquisition Cen Lib/Ret
040 ## - CATALOGING SOURCE
Original cataloging agency DPL
Language of cataloging HN
Transcribing agency 0
082 ## - DEWEY DECIMAL CLASSIFICATION NUMBER
Classification number 821
Item number शर्माकु
100 ## - MAIN ENTRY--PERSONAL NAME
Personal name शर्मा, कुसुम
9 (RLIN) 46125
245 ## - TITLE STATEMENT
Title विद्यालय प्रार्थना सभा /
Statement of responsibility, etc कुसुम शर्मा
246 ## - VARYING FORM OF TITLE
Title proper/short title Vidhyalaya prarthna sabha /
Remainder of title by Kusum Sharma
260 ## - PUBLICATION, DISTRIBUTION, ETC. (IMPRINT)
Place of publication, distribution, etc जयपुर
Name of publisher, distributor, etc सुरेश बुक डिपो
Date of publication, distribution, etc 2007
270 ## - ADDRESS
Address 195, गोपाल ज़ी का रास्ता
City जयपुर
300 ## - PHYSICAL DESCRIPTION
Extent 124पृ.
Dimensions 19सेमी (सजिल्द)
650 ## - SUBJECT ADDED ENTRY--TOPICAL TERM
Topical term or geographic name as entry element हिन्दी साहित्य
9 (RLIN) 46126
650 ## - SUBJECT ADDED ENTRY--TOPICAL TERM
Topical term or geographic name as entry element मात्रभूमि वन्दनाएँ
9 (RLIN) 717
650 ## - SUBJECT ADDED ENTRY--TOPICAL TERM
Topical term or geographic name as entry element Hindi Literature
9 (RLIN) 46127
650 ## - SUBJECT ADDED ENTRY--TOPICAL TERM
Topical term or geographic name as entry element Matrbhumi Vndnaaa
9 (RLIN) 46128
942 ## - ADDED ENTRY ELEMENTS (KOHA)
Source of classification or shelving scheme Dewey Decimal Classification
Koha item type Hindi Books
Classification part 821
Call number suffix शर्माकु
Holdings
Withdrawn status Lost status Damaged status Not for loan Home library Current library Date acquired Source of acquisition Cost, normal purchase price Total Checkouts Full call number Barcode Date last seen Date checked out Copy number Cost, replacement price Price effective from Koha item type Source of classification or shelving scheme Collection code
        Central Library Central Library 07/08/2015 Cen Lib/Ret 130.00 3 821 शर्माकु B-257927 09/11/2017 27/10/2017 1 130.00 07/08/2015 Hindi Books    
        R.C.Libraries (BL-IV) R.C.Libraries (BL-IV) 28/12/2019 BPPD/PUB 130.00 2 821 शर्माकु B-257952 04/01/2020 28/12/2019   130.00 28/12/2019 Children Books Dewey Decimal Classification Non-fiction

© Delhi Public Library
Hit Counter
free hit counter